[Event "34th European Club Cup 2018"]
[Site "Halkidiki"]
[Date "2018.10.14"]
[Round "3"]
[White "Vogel, Constantin"]
[Black "Thorfinnsson, Bjorn"]
[Result "0-1"]
[WhiteElo "2060"]
[BlackElo "2414"]
[Annotator "NA"]
[PlyCount "72"]
[EventDate "2018.10.12"]
[EventType "team-tourn"]
[EventCountry "GRE"]
[SourceTitle "playchess.com"]
[Source "ChessBase"]
[SourceQuality "1"]
[WhiteTeam "St Benildus"]
[BlackTeam "Viking CC"]

1. c4 e5 2. g3 f5 3. Bg2 Nf6 4. Nc3 Be7 5. e3 O-O 6. Nge2 d6 7. O-O c6 8. d3 Be6 9. f4 Nbd7 10. Rb1 a5 11. a3 Qc7 12. h3 Rab8 13. b4 axb4 14. axb4 b5 15. fxe5 dxe5 16. c5 Rbd8 17. Qc2 h5 18. e4 fxe4 19. dxe4 Rfe8 20. Kh2 Nf8 21. Ng1 Bc4 22. Rd1 Rxd1 23. Nxd1 Rd8 24. Nf2 Ng6 25. Nf3 Nh7 26. Bb2 Ng5 27. h4 Nxf3+ 28. Bxf3 Bxh4 29. gxh4 Qf7 30. Bg2 Qf4+ 31. Kh1 Rd2 32. Nh3 Rxc2 33. Nxf4 Nxf4 34. Bxe5 Nxg2 35. Rg1 Bd3 36. Kh2 Nf4+ 0-1

[Event "34th European Club Cup 2018"]
[Site "Halkidiki"]
[Date "2018.10.14"]
[Round "3"]
[White "Drzasga, Michael"]
[Black "Hove, Esben Kjems"]
[Result "0-1"]
[WhiteElo "2042"]
[BlackElo "2286"]
[Annotator "NA"]
[PlyCount "160"]
[EventDate "2018.10.12"]
[EventType "team-tourn"]
[EventCountry "GRE"]
[SourceTitle "playchess.com"]
[Source "ChessBase"]
[SourceQuality "1"]
[WhiteTeam "Echternach"]
[BlackTeam "Nordkalotten"]

1. d4 d5 2. c4 c6 3. Nc3 Nf6 4. e3 e6 5. Nf3 Nbd7 6. cxd5 exd5 7. Bd3 Bd6 8. O-O O-O 9. a3 Re8 10. Qc2 Qe7 11. b4 Ne4 12. b5 Ndf6 13. bxc6 bxc6 14. Bb2 Nxc3 15. Qxc3 Bg4 16. Ne5 c5 17. h3 cxd4 18. exd4 Be6 19. Nc6 Qd7 20. Ne5 Qb7 21. Rfb1 Rec8 22. Qd2 Qb3 23. Bc1 Qc3 24. Ba6 Qxd2 25. Bxd2 Rc2 26. Be1 Bf5 27. Rb7 Bc8 28. Bd3 Bxb7 29. Bxc2 Ba6 30. Bb4 Bc7 31. Nc6 Bb5 32. Ba5 Bxa5 33. Nxa5 Kf8 34. Re1 Rc8 35. Bb3 Rc3 36. Re3 Rc1+ 37. Kh2 Ra1 38. Bc2 g6 39. Nb7 Rc1 40. Nd6 Rxc2 41. Nxb5 a6 42. Rc3 Rxf2 43. Nc7 Rd2 44. Nxa6 Rxd4 45. Nc7 Ke7 46. Re3+ Kf8 47. Re5 h5 48. a4 Rxa4 49. Nxd5 Ne4 50. Nb6 Rd4 51. Nd7+ Kg7 52. Nc5 Nd6 53. Re3 Rc4 54. Rd3 Nf5 55. Nb3 g5 56. Nd2 Ra4 57. g3 Kg6 58. Kg2 f6 59. Kf2 h4 60. g4 Nd4 61. Kg1 Ne2+ 62. Kh1 Ra1+ 63. Kh2 Ra2 64. Rd6 Kf7 65. Kh1 Ke7 66. Rd3 Nf4 67. Re3+ Kf7 68. Ne4 Ra1+ 69. Kh2 Rd1 70. Nc3 Rd2+ 71. Kh1 Rd4 72. Kh2 Kg6 73. Kh1 f5 74. gxf5+ Kxf5 75. Kh2 Rd2+ 76. Kh1 Nh5 77. Rf3+ Ke5 78. Kg1 Nf4 79. Kh1 Rc2 80. Kg1 Rxc3 0-1

[Event "34th European Club Cup 2018"]
[Site "Halkidiki"]
[Date "2018.10.14"]
[Round "3"]
[White "Millward, Kevin P"]
[Black "Healy, John"]
[Result "1-0"]
[WhiteElo "2023"]
[BlackElo "1919"]
[Annotator "NA"]
[PlyCount "61"]
[EventDate "2018.10.12"]
[EventType "team-tourn"]
[EventCountry "GRE"]
[SourceTitle "playchess.com"]
[Source "ChessBase"]
[SourceQuality "1"]
[WhiteTeam "Viking CC"]
[BlackTeam "St Benildus"]

1. d4 d5 2. Bf4 Nf6 3. e3 e6 4. Nf3 c5 5. c3 Nc6 6. Nbd2 Be7 7. h3 O-O 8. Bd3 Nd7 9. O-O f5 10. c4 Nf6 11. Nb3 Ne4 12. Nxc5 Nxc5 13. dxc5 Bf6 14. Bd6 Bxb2 15. Rb1 Bf6 16. cxd5 exd5 17. Bxf5 Bxf5 18. Qxd5+ Rf7 19. Qxf5 Qe8 20. Qd5 Kh8 21. e4 Rd8 22. e5 Be7 23. Rxb7 Bxd6 24. Qxf7 Qxf7 25. Rxf7 Be7 26. Rb1 Kg8 27. Rxe7 Nxe7 28. Rb7 Nc8 29. Ng5 Re8 30. f4 h6 31. Ne4 1-0

[Event "34th European Club Cup 2018"]
[Site "Halkidiki"]
[Date "2018.10.14"]
[Round "3"]
[White "Jensen, Michael Agermose"]
[Black "Schartz, Alain"]
[Result "0-1"]
[WhiteElo "2022"]
[BlackElo "2107"]
[Annotator "NA"]
[PlyCount "70"]
[EventDate "2018.10.12"]
[EventType "team-tourn"]
[EventCountry "GRE"]
[SourceTitle "playchess.com"]
[Source "ChessBase"]
[SourceQuality "1"]
[WhiteTeam "Bronshoj"]
[BlackTeam "Dudelange"]

1. e4 c5 2. d4 cxd4 3. c3 Nf6 4. e5 Nd5 5. Nf3 d6 6. exd6 Qxd6 7. Nxd4 a6 8. Na3 e6 9. Nc4 Qc7 10. Be2 Nd7 11. O-O Be7 12. Ne3 N7f6 13. Nxd5 Nxd5 14. Nf5 exf5 15. Qxd5 Be6 16. Qf3 O-O 17. Be3 Bf6 18. h3 g6 19. Qf4 Be5 20. Qb4 Bd5 21. Qb6 Qe7 22. Bc5 Qg5 23. f3 Qg3 24. Rfe1 Rfe8 25. Kf1 Re6 26. Qa5 Rae8 27. Bf2 Qh2 28. Qxd5 Qh1+ 29. Bg1 Bh2 30. Kf2 Bxg1+ 31. Rxg1 Rxe2+ 32. Kg3 f4+ 33. Kh4 Qh2 34. g4 Qf2+ 35. Kg5 R2e5+ 0-1

[Event "34th European Club Cup 2018"]
[Site "Halkidiki"]
[Date "2018.10.14"]
[Round "3"]
[White "Nahkur, Madis"]
[Black "Gupta, Milon"]
[Result "1/2-1/2"]
[WhiteElo "2013"]
[BlackElo "2206"]
[Annotator "NA"]
[PlyCount "66"]
[EventDate "2018.10.12"]
[EventType "team-tourn"]
[EventCountry "GRE"]
[SourceTitle "playchess.com"]
[Source "ChessBase"]
[SourceQuality "1"]
[WhiteTeam "Reval"]
[BlackTeam "Solingen"]

1. e4 e5 2. Nf3 Nf6 3. Nxe5 d6 4. Nf3 Nxe4 5. Nc3 Nf6 6. d4 Be7 7. h3 O-O 8. Be3 Nbd7 9. Be2 Re8 10. Qd2 c6 11. O-O Nb6 12. Bg5 Be6 13. Bf4 h6 14. Rfe1 Bf8 15. Bd3 Qd7 16. b3 Bf5 17. Rxe8 Rxe8 18. Re1 Bxd3 19. Qxd3 Rxe1+ 20. Nxe1 Qe6 21. Nf3 d5 22. Ne5 Nbd7 23. Nxd7 Nxd7 24. Qe2 Be7 25. f3 Bf6 26. Qxe6 fxe6 27. Ne2 Kf7 28. Kf2 a6 29. Ke3 h5 30. g4 hxg4 31. hxg4 c5 32. c3 cxd4+ 33. cxd4 Be7 1/2-1/2

[Event "34th European Club Cup 2018"]
[Site "Halkidiki"]
[Date "2018.10.14"]
[Round "3"]
[White "Drent, Sjoerd"]
[Black "Noiroux, Kevin"]
[Result "0-1"]
[WhiteElo "2001"]
[BlackElo "2118"]
[Annotator "NA"]
[PlyCount "124"]
[EventDate "2018.10.12"]
[EventType "team-tourn"]
[EventCountry "GRE"]
[SourceTitle "playchess.com"]
[Source "ChessBase"]
[SourceQuality "1"]
[WhiteTeam "En Passant"]
[BlackTeam "Echiquier Amaytois"]

1. e4 c5 2. c4 e6 3. Nc3 Nc6 4. Nf3 a6 5. a3 Qc7 6. d4 cxd4 7. Nxd4 Nf6 8. Be2 Be7 9. Be3 d6 10. Rc1 Ne5 11. f4 Ng6 12. O-O O-O 13. Qd3 e5 14. Nd5 Nxd5 15. cxd5 Qd8 16. fxe5 Nxe5 17. Qd2 Bf6 18. Qb4 Re8 19. Nf5 Bxf5 20. Rxf5 b5 21. a4 a5 22. Qb3 bxa4 23. Qxa4 Rb8 24. Bb5 Re7 25. Bd2 Qb6+ 26. Kh1 h6 27. Bc6 Qxb2 28. Qxa5 Nd3 29. Rcf1 Bd4 30. Be1 Ra7 31. Qd2 Ra2 32. Qxb2 Rbxb2 33. Bg3 f6 34. Bxd6 Nf2+ 35. R5xf2 Rxf2 36. Rd1 Rad2 37. Rb1 Rb2 38. Rd1 Rbd2 39. Rb1 Bb2 40. Bg3 Rxg2 41. d6 Kf8 42. e5 Rxg3 43. hxg3 Bxe5 44. Rb8+ Kf7 45. Rb7+ Kg6 46. Be8+ Kh7 47. d7 Bxg3 48. Ra7 f5 49. Ra5 f4 50. Ra6 g5 51. Ra7 Kh8 52. Ra8 f3 53. Bh5+ Kg7 54. d8=Q Rh2+ 55. Kg1 f2+ 56. Kf1 Rh1+ 57. Ke2 f1=Q+ 58. Ke3 Bf4+ 59. Ke4 Qc4+ 60. Kf5 Qc2+ 61. Ke6 Qe4+ 62. Kd7 Qd5+ 0-1

[Event "34th European Club Cup 2018"]
[Site "Halkidiki"]
[Date "2018.10.14"]
[Round "3"]
[White "Petrakis, Stylianos"]
[Black "Longson, Alexander"]
[Result "0-1"]
[WhiteElo "2000"]
[BlackElo "2329"]
[Annotator "NA"]
[PlyCount "60"]
[EventDate "2018.10.12"]
[EventType "team-tourn"]
[EventCountry "GRE"]
[SourceTitle "playchess.com"]
[Source "ChessBase"]
[SourceQuality "1"]
[WhiteTeam "Chania CC"]
[BlackTeam "Oldham"]

1. e4 e5 2. Nf3 Nc6 3. d4 exd4 4. Nxd4 Nf6 5. Nxc6 bxc6 6. Nd2 d6 7. Bd3 g6 8. b3 Bg7 9. Bb2 O-O 10. O-O Re8 11. Re1 d5 12. exd5 Rxe1+ 13. Qxe1 cxd5 14. Nf3 a5 15. a4 c5 16. Be5 Bb7 17. Rd1 Qc8 18. h3 Qc6 19. Bb5 Qb6 20. Nd2 Bc6 21. Bxc6 Qxc6 22. Qf1 c4 23. bxc4 Qxa4 24. cxd5 Nxd5 25. Bxg7 Kxg7 26. Nc4 Nc3 27. Rd2 Qb4 28. Qd3 a4 29. Qd4+ Kg8 30. Ne3 Ne2+ 0-1

[Event "34th European Club Cup 2018"]
[Site "Halkidiki"]
[Date "2018.10.14"]
[Round "3"]
[White "Marino, Danilo"]
[Black "Svendsen, Peter Willer"]
[Result "0-1"]
[WhiteElo "1991"]
[BlackElo "1948"]
[Annotator "NA"]
[PlyCount "68"]
[EventDate "2018.10.12"]
[EventType "team-tourn"]
[EventCountry "GRE"]
[SourceTitle "playchess.com"]
[Source "ChessBase"]
[SourceQuality "1"]
[WhiteTeam "Lazio ASD"]
[BlackTeam "Hillerod"]

1. e4 e5 2. f4 exf4 3. Nf3 Ne7 4. d4 d5 5. e5 Ng6 6. Bd3 Be7 7. O-O Be6 8. Nc3 c5 9. Bb5+ Nc6 10. Ne2 O-O 11. c3 Qb6 12. Bd3 cxd4 13. cxd4 Ncxe5 14. Bc2 Nxf3+ 15. Rxf3 Bg4 16. Rb3 Bxe2 17. Qxe2 Qxd4+ 18. Kh1 Bc5 19. Bd2 Rfe8 20. Qd1 Ne5 21. Bc3 Qxd1+ 22. Bxd1 Nd3 23. Bf3 Nf2+ 24. Kg1 Nd1+ 25. Kh1 Ne3 26. Rxb7 d4 27. Bd2 Rac8 28. h3 Bb6 29. Rc1 Rxc1+ 30. Bxc1 g6 31. Bxe3 fxe3 32. Be2 d3 33. Bxd3 e2 34. Bxe2 Rxe2 0-1

[Event "34th European Club Cup 2018"]
[Site "Halkidiki"]
[Date "2018.10.14"]
[Round "3"]
[White "Artola Pola, Gerardo"]
[Black "Mcgowan, Daniel"]
[Result "1-0"]
[WhiteElo "1988"]
[BlackElo "2157"]
[Annotator "NA"]
[PlyCount "113"]
[EventDate "2018.10.12"]
[EventType "team-tourn"]
[EventCountry "GRE"]
[SourceTitle "playchess.com"]
[Source "ChessBase"]
[SourceQuality "1"]
[WhiteTeam "Dublin"]
[BlackTeam "Grantham"]

1. e4 e6 2. d4 d5 3. Nc3 Nf6 4. e5 Nfd7 5. f4 c5 6. Nf3 Nc6 7. Be3 a6 8. Qd2 b5 9. a3 Qa5 10. dxc5 Bxc5 11. Nd4 Qb6 12. Nce2 a5 13. c3 O-O 14. Nc2 f6 15. Ned4 Nxd4 16. cxd4 Be7 17. Bd3 fxe5 18. dxe5 Nc5 19. O-O Qd8 20. Nd4 Nxd3 21. Qxd3 Bc5 22. Nb3 Bxe3+ 23. Qxe3 Rb8 24. Qa7 Qb6+ 25. Qxb6 Rxb6 26. Nxa5 b4 27. Nb3 bxa3 28. Rxa3 Ba6 29. Rf2 Rc8 30. Rd2 Rc4 31. Nd4 Kf7 32. Kf2 Rc1 33. Kg3 Rc4 34. b3 Rc3+ 35. Kf2 Bd3 36. Rb2 Be4 37. Ne2 Rd3 38. Ra7+ Kg6 39. b4 Rd1 40. Rb3 Rd3 41. Rxd3 Bxd3 42. Nd4 Rxb4 43. Nxe6 Kf5 44. Nc5 Bb5 45. Rf7+ Kg6 46. e6 Rc4 47. Nd7 Rc2+ 48. Kf3 d4 49. Ne5+ Kh6 50. Rb7 Be8 51. g4 g5 52. f5 d3 53. Nf7+ Bxf7 54. Rxf7 Rxh2 55. Rd7 Re2 56. Rxd3 Re1 57. Re3 1-0

[Event "34th European Club Cup 2018"]
[Site "Halkidiki"]
[Date "2018.10.14"]
[Round "3"]
[White "Lyons, Brendan"]
[Black "Thorarinsson, Pall A."]
[Result "0-1"]
[WhiteElo "1961"]
[BlackElo "2270"]
[Annotator "NA"]
[PlyCount "40"]
[EventDate "2018.10.12"]
[EventType "team-tourn"]
[EventCountry "GRE"]
[SourceTitle "playchess.com"]
[Source "ChessBase"]
[SourceQuality "1"]
[WhiteTeam "St Benildus"]
[BlackTeam "Viking CC"]

1. e4 d6 2. d4 Nf6 3. Nc3 g6 4. Be3 c6 5. Qd2 b5 6. a3 Nbd7 7. Rd1 Bb7 8. Be2 a6 9. f4 c5 10. d5 Bg7 11. Bf3 O-O 12. g4 Nb6 13. b3 e5 14. dxe6 Nxg4 15. Bxg4 Qh4+ 16. Bf2 Qxg4 17. h4 Qxe6 18. Nf3 b4 19. Ne2 Qxe4 20. O-O Qxf3 0-1

[Event "34th European Club Cup 2018"]
[Site "Halkidiki"]
[Date "2018.10.14"]
[Round "3"]
[White "Nilsson, Lars Kjoller"]
[Black "Buonanno, Massimo"]
[Result "1-0"]
[WhiteElo "1948"]
[BlackElo "1911"]
[Annotator "NA"]
[PlyCount "69"]
[EventDate "2018.10.12"]
[EventType "team-tourn"]
[EventCountry "GRE"]
[SourceTitle "playchess.com"]
[Source "ChessBase"]
[SourceQuality "1"]
[WhiteTeam "Hillerod"]
[BlackTeam "Lazio ASD"]

1. e4 e5 2. Nf3 Nc6 3. d4 exd4 4. Nxd4 Bc5 5. Be3 Qf6 6. c3 Nge7 7. Bc4 O-O 8. O-O Rd8 9. Nb5 Bxe3 10. fxe3 Qe5 11. Qf3 d5 12. Qxf7+ Kh8 13. Bxd5 Bg4 14. Qf4 Nxd5 15. exd5 Be2 16. Nxc7 Bxf1 17. Nxa8 Qe7 18. Qxf1 Qxe3+ 19. Kh1 Ne5 20. Na3 Nd3 21. Qf3 Qxf3 22. gxf3 Rxa8 23. c4 b6 24. b3 a5 25. Kg2 a4 26. Nc2 axb3 27. axb3 Re8 28. Nd4 h5 29. h4 Nc5 30. Rd1 Kg8 31. Kf2 Kf7 32. b4 Nd7 33. Nc6 Ra8 34. Re1 Kf6 35. Re6+ 1-0

[Event "34th European Club Cup 2018"]
[Site "Halkidiki"]
[Date "2018.10.14"]
[Round "3"]
[White "Runarsson, Gunnar"]
[Black "Kenny, William"]
[Result "1-0"]
[WhiteElo "1937"]
[BlackElo "1787"]
[Annotator "NA"]
[PlyCount "26"]
[EventDate "2018.10.12"]
[EventType "team-tourn"]
[EventCountry "GRE"]
[SourceTitle "playchess.com"]
[Source "ChessBase"]
[SourceQuality "1"]
[WhiteTeam "Viking CC"]
[BlackTeam "St Benildus"]

1. d4 d5 2. e4 dxe4 3. Nc3 Nf6 4. f3 exf3 5. Nxf3 Bg4 6. Bd3 e6 7. O-O Be7 8. Be3 O-O 9. h3 Bxf3 10. Qxf3 c6 11. Qg3 Re8 12. Qh4 g6 13. Bg5 h5 1-0

[Event "34th European Club Cup 2018"]
[Site "Halkidiki"]
[Date "2018.10.14"]
[Round "3"]
[White "Tardi, Oscar"]
[Black "De Groote, Ewoud"]
[Result "1-0"]
[WhiteElo "1931"]
[BlackElo "2292"]
[Annotator "NA"]
[PlyCount "71"]
[EventDate "2018.10.12"]
[EventType "team-tourn"]
[EventCountry "GRE"]
[SourceTitle "playchess.com"]
[Source "ChessBase"]
[SourceQuality "1"]
[WhiteTeam "Bois-Colombes"]
[BlackTeam "BSG"]

1. e4 e5 2. Nf3 Nc6 3. Bc4 Nf6 4. d3 Be7 5. Nc3 O-O 6. O-O d6 7. h3 Na5 8. Bb3 c5 9. Nd5 Nxd5 10. Bxd5 Kh8 11. g4 Be6 12. c4 Qd7 13. Nh2 Nc6 14. Be3 Rab8 15. a4 Nb4 16. f4 exf4 17. Bxf4 Bf6 18. Rb1 a6 19. Qe2 b5 20. axb5 axb5 21. Bd2 bxc4 22. dxc4 Rfe8 23. Rxf6 Nxd5 24. cxd5 Bxd5 25. Rf4 Ba2 26. Rbf1 Rxb2 27. Qd3 Be6 28. Nf3 Qe7 29. Bc3 Rb3 30. Nd2 Rbb8 31. Nc4 Red8 32. Ne3 f6 33. Nf5 Bxf5 34. Rxf5 Qe6 35. g5 fxg5 36. Bxg7+ 1-0

[Event "34th European Club Cup 2018"]
[Site "Halkidiki"]
[Date "2018.10.14"]
[Round "3"]
[White "O`brien, George"]
[Black "Hajra, Driton"]
[Result "0-1"]
[WhiteElo "1902"]
[BlackElo "1978"]
[Annotator "NA"]
[PlyCount "59"]
[EventDate "2018.10.12"]
[EventType "team-tourn"]
[EventCountry "GRE"]
[SourceTitle "playchess.com"]
[Source "ChessBase"]
[SourceQuality "1"]
[WhiteTeam "Ballinasloe"]
[BlackTeam "Drejtesia"]

1. Nf3 Nf6 2. g3 g6 3. c4 Bg7 4. Bg2 O-O 5. O-O d6 6. d4 c6 7. b3 Qc7 8. Bb2 Nbd7 9. Nc3 e5 10. Rc1 Re8 11. e3 Nf8 12. b4 Bg4 13. Qb3 Qd7 14. d5 cxd5 15. cxd5 Rec8 16. a4 h6 17. Nd2 Bh3 18. f4 exf4 19. exf4 Bf5 20. Rfe1 N8h7 21. Nce4 Nxe4 22. Bxe4 Rxc1 23. Bxc1 Bd4+ 24. Kh1 Re8 25. Qd3 Bg7 26. b5 Nf6 27. Re2 Qe7 28. Ba3 Nxe4 29. Qc4 Nxg3+ 30. hxg3 0-1

[Event "34th European Club Cup 2018"]
[Site "Halkidiki"]
[Date "2018.10.14"]
[Round "3"]
[White "Dunne, Thomas Junior"]
[Black "Makolli, Perparim"]
[Result "0-1"]
[WhiteElo "1878"]
[BlackElo "2284"]
[Annotator "NA"]
[PlyCount "66"]
[EventDate "2018.10.12"]
[EventType "team-tourn"]
[EventCountry "GRE"]
[SourceTitle "playchess.com"]
[Source "ChessBase"]
[SourceQuality "1"]
[WhiteTeam "Ballinasloe"]
[BlackTeam "Drejtesia"]

1. e4 c5 2. Nc3 Nc6 3. g3 g6 4. Bg2 Bg7 5. d3 d6 6. f4 e6 7. Nf3 Nge7 8. O-O Nd4 9. Be3 Rb8 10. Rb1 Qa5 11. a3 e5 12. fxe5 dxe5 13. Qd2 Qc7 14. Rf2 O-O 15. Rbf1 f6 16. h3 Be6 17. Nh2 Qd7 18. g4 b5 19. Ne2 Nxe2+ 20. Qxe2 Qd6 21. Rd1 Nc6 22. Nf3 a5 23. Rff1 Nd4 24. Nxd4 cxd4 25. Bd2 b4 26. axb4 axb4 27. c4 bxc3 28. bxc3 dxc3 29. Bxc3 Qc5+ 30. d4 Qxc3 31. d5 Bd7 32. Rc1 Qd4+ 33. Kh2 Bb5 0-1

[Event "34th European Club Cup 2018"]
[Site "Halkidiki"]
[Date "2018.10.14"]
[Round "3"]
[White "Guidoreni, Jean"]
[Black "Christensen, Esben"]
[Result "1-0"]
[WhiteElo "1862"]
[BlackElo "2017"]
[Annotator "NA"]
[PlyCount "61"]
[EventDate "2018.10.12"]
[EventType "team-tourn"]
[EventCountry "GRE"]
[SourceTitle "playchess.com"]
[Source "ChessBase"]
[SourceQuality "1"]
[WhiteTeam "Dudelange"]
[BlackTeam "Bronshoj"]

1. c4 Nf6 2. Nc3 g6 3. g3 Bg7 4. Bg2 d6 5. d4 O-O 6. Nf3 Nbd7 7. O-O c6 8. Qc2 Qc7 9. b3 e5 10. dxe5 dxe5 11. Ba3 Re8 12. Rad1 Qa5 13. Bd6 Bf8 14. Bxf8 Nxf8 15. Nh4 Ne6 16. e3 Kg7 17. Qb2 Kg8 18. Rd2 Ng7 19. Nf3 Bf5 20. h3 h6 21. Rfd1 Qc7 22. g4 Be6 23. Rd6 Nd7 24. Ne4 Re7 25. a4 a5 26. Nxe5 Nxe5 27. Qxe5 Bxc4 28. Nf6+ Kf8 29. Qf4 Bxb3 30. Qxh6 Re6 31. Rd7 1-0

[Event "34th European Club Cup 2018"]
[Site "Halkidiki"]
[Date "2018.10.14"]
[Round "3"]
[White "Lex, Gereon"]
[Black "Pedersen, Peter Brondt"]
[Result "0-1"]
[WhiteElo "1836"]
[BlackElo "2140"]
[Annotator "NA"]
[PlyCount "74"]
[EventDate "2018.10.12"]
[EventType "team-tourn"]
[EventCountry "GRE"]
[SourceTitle "playchess.com"]
[Source "ChessBase"]
[SourceQuality "1"]
[WhiteTeam "Dudelange"]
[BlackTeam "Bronshoj"]

1. Nf3 Nf6 2. g3 g6 3. Bg2 Bg7 4. O-O O-O 5. d4 c6 6. Nbd2 d6 7. e4 Qc7 8. Qe2 e5 9. c3 exd4 10. cxd4 Re8 11. Qd3 Nbd7 12. Re1 Nb6 13. b3 h6 14. Ba3 Be6 15. Rac1 Qd8 16. h3 a5 17. g4 a4 18. Bb2 Qd7 19. Nh4 d5 20. e5 Ne4 21. Nxe4 dxe4 22. Bxe4 Nd5 23. Qg3 axb3 24. axb3 Ra2 25. Re2 Qe7 26. Bb1 Raa8 27. Ng2 g5 28. Rf1 Qb4 29. f4 Nxf4 30. Nxf4 gxf4 31. Qxf4 Qxb3 32. Rh2 Red8 33. g5 h5 34. Qe4 Bd5 35. Qh7+ Kf8 36. g6 Qg3+ 37. Rg2 Qxg2# 0-1

[Event "34th European Club Cup 2018"]
[Site "Halkidiki"]
[Date "2018.10.14"]
[Round "3"]
[White "Gheury, Jean-Marie"]
[Black "Van Diermen, Arie"]
[Result "0-1"]
[WhiteElo "1833"]
[BlackElo "1931"]
[Annotator "NA"]
[PlyCount "68"]
[EventDate "2018.10.12"]
[EventType "team-tourn"]
[EventCountry "GRE"]
[SourceTitle "playchess.com"]
[Source "ChessBase"]
[SourceQuality "1"]
[WhiteTeam "Echiquier Amaytois"]
[BlackTeam "En Passant"]

1. d4 g6 2. Nc3 Bg7 3. e4 d6 4. Be3 Nf6 5. f3 c6 6. Qd2 b5 7. Bd3 Nbd7 8. Nd1 h5 9. Ne2 a6 10. a4 Bb7 11. Nf2 e5 12. c3 d5 13. O-O Qe7 14. Bg5 Qd6 15. axb5 cxb5 16. Rfe1 O-O 17. Rad1 Rfe8 18. dxe5 Nxe5 19. Bxf6 Qxf6 20. Nd4 Nxd3 21. Qxd3 dxe4 22. Nxe4 Qb6 23. Kh1 Rad8 24. Qe3 b4 25. Qf4 Bxe4 26. Rxe4 Rxe4 27. Qxe4 bxc3 28. bxc3 Qc5 29. Qe3 a5 30. Kg1 Rc8 31. Rd3 a4 32. Qd2 a3 33. Qa2 Bxd4+ 34. cxd4 Qc1+ 0-1

[Event "34th European Club Cup 2018"]
[Site "Halkidiki"]
[Date "2018.10.14"]
[Round "3"]
[White "Boland, Dylan"]
[Black "Palsson, Halldor"]
[Result "0-1"]
[WhiteElo "1830"]
[BlackElo "2020"]
[Annotator "NA"]
[PlyCount "80"]
[EventDate "2018.10.12"]
[EventType "team-tourn"]
[EventCountry "GRE"]
[SourceTitle "playchess.com"]
[Source "ChessBase"]
[SourceQuality "1"]
[WhiteTeam "St Benildus"]
[BlackTeam "Viking CC"]

1. d4 Nf6 2. c4 e6 3. Nf3 b6 4. Bg5 Bb7 5. Nc3 Bb4 6. Qb3 Bxc3+ 7. Qxc3 h6 8. Bxf6 Qxf6 9. g3 c5 10. Rd1 Nc6 11. dxc5 Qxc3+ 12. bxc3 bxc5 13. Rb1 Rb8 14. Bg2 Kd8 15. Rb5 d6 16. Nd2 Kc7 17. O-O Ba6 18. Bxc6 Kxc6 19. Rb3 Rb6 20. e4 Rd8 21. Re1 Rd7 22. Kg2 Bc8 23. Ra3 Ra6 24. Rxa6+ Bxa6 25. Rb1 Rb7 26. Rb3 Rb6 27. Ra3 Bb7 28. Rxa7 Rb2 29. Nf3 Kb6 30. Ra3 Bxe4 31. Rb3+ Rxb3 32. axb3 g5 33. g4 h5 34. Kg3 h4+ 35. Nxh4 gxh4+ 36. Kxh4 Bc2 37. Kg5 Bxb3 38. Kf6 Bxc4 39. Kxf7 d5 40. g5 d4 0-1

[Event "34th European Club Cup 2018"]
[Site "Halkidiki"]
[Date "2018.10.14"]
[Round "3"]
[White "Pelantakis, Mihail"]
[Black "Longson, Sarah N"]
[Result "1-0"]
[WhiteElo "1782"]
[BlackElo "2149"]
[Annotator "NA"]
[PlyCount "107"]
[EventDate "2018.10.12"]
[EventType "team-tourn"]
[EventCountry "GRE"]
[SourceTitle "playchess.com"]
[Source "ChessBase"]
[SourceQuality "1"]
[WhiteTeam "Chania CC"]
[BlackTeam "Oldham"]

1. d4 Nf6 2. c4 g6 3. Nc3 d5 4. cxd5 Nxd5 5. e4 Nxc3 6. bxc3 Bg7 7. Qa4+ Bd7 8. Qa3 O-O 9. Be3 e5 10. d5 f5 11. h4 fxe4 12. h5 gxh5 13. Qb3 b6 14. Rxh5 Be8 15. Rh1 Bf7 16. Rd1 Nd7 17. Bc4 Nf6 18. Qc2 Qd6 19. Ne2 Bg6 20. Ng3 Rad8 21. Bb3 a5 22. c4 Qb4+ 23. Bd2 Qa3 24. Bc1 Qd6 25. Be3 Ra8 26. c5 bxc5 27. Bxc5 Qd7 28. Bxf8 e3 29. Qc6 exf2+ 30. Kf1 Rxf8 31. Qxd7 Nxd7 32. d6+ Kh8 33. dxc7 Nb6 34. Rd8 e4 35. Be6 e3 36. Rxf8+ Bxf8 37. c8=Q Nxc8 38. Bxc8 Bd3+ 39. Ne2 Bb4 40. Rh5 Bc4 41. Bf5 Bxa2 42. Rxh7+ Kg8 43. Bd3 Bf7 44. Rh4 Kg7 45. Bc4 Bg6 46. Nf4 Bb1 47. Rh3 Bd2 48. Nd5 a4 49. Nxe3 a3 50. Nd5 a2 51. Ra3 Be1 52. Bxa2 Be4 53. Bc4 Kg6 54. Nf4+ 1-0

[Event "34th European Club Cup 2018"]
[Site "Halkidiki"]
[Date "2018.10.14"]
[Round "3"]
[White "Densing, Gerd"]
[Black "Noer, Martin Stampe"]
[Result "1/2-1/2"]
[WhiteElo "1776"]
[BlackElo "1863"]
[Annotator "NA"]
[PlyCount "50"]
[EventDate "2018.10.12"]
[EventType "team-tourn"]
[EventCountry "GRE"]
[SourceTitle "playchess.com"]
[Source "ChessBase"]
[SourceQuality "1"]
[WhiteTeam "Echternach"]
[BlackTeam "Nordkalotten"]

1. d4 d5 2. Nf3 Nf6 3. e3 c6 4. c4 Bf5 5. Nc3 e6 6. Qb3 Qb6 7. c5 Qc7 8. Bd2 Nbd7 9. Nh4 Be4 10. f3 Bg6 11. Nxg6 hxg6 12. f4 b6 13. cxb6 axb6 14. a3 Be7 15. Rc1 Qb7 16. Be2 O-O 17. O-O Rab8 18. Bf3 c5 19. Nb5 Rfc8 20. Rfe1 Qa6 21. Nc3 Qb7 22. Nb5 Qa6 23. Nc3 Qb7 24. Nb5 Qa6 25. Nc3 Qb7 1/2-1/2

[Event "34th European Club Cup 2018"]
[Site "Halkidiki"]
[Date "2018.10.14"]
[Round "3"]
[White "Marhoefer, Daniel"]
[Black "Varnam, Liam D"]
[Result "0-1"]
[WhiteElo "1773"]
[BlackElo "2089"]
[Annotator "NA"]
[PlyCount "66"]
[EventDate "2018.10.12"]
[EventType "team-tourn"]
[EventCountry "GRE"]
[SourceTitle "playchess.com"]
[Source "ChessBase"]
[SourceQuality "1"]
[WhiteTeam "Dublin"]
[BlackTeam "Grantham"]

1. e4 c5 2. Nf3 Nc6 3. d4 cxd4 4. Nxd4 Nf6 5. Nc3 e5 6. Ndb5 d6 7. Bg5 a6 8. Na3 b5 9. Bxf6 gxf6 10. Nd5 f5 11. Bd3 Be6 12. O-O Bxd5 13. exd5 Ne7 14. Nxb5 Bg7 15. Nc3 e4 16. Bc4 O-O 17. Qd2 Ng6 18. Rae1 Qh4 19. Bb3 Ne5 20. Qe3 Nf3+ 21. gxf3 Be5 22. f4 Bxf4 23. Qg3+ Bxg3 24. fxg3 Qg5 25. Rf4 Rfe8 26. Nd1 e3 27. Nxe3 Re5 28. Kf2 Rae8 29. Bc4 Re4 30. Rxf5 Qe7 31. Ng4 Rxe1 32. Nf6+ Kg7 33. Bb3 Qe2# 0-1